Southville International School and Colleges
Your cart is empty.
  • Cart
  • Lists
    Public lists Eva Luna New books Lux_list list_1
    Your lists Log in to create your own lists
  • Log in to your account
  • Your cookies
  • Search history
Southville International School and Colleges
  • Advanced search
  • Recent comments
  • Most popular
  • Libraries

Log in to your account

Log in with GOOGLE


If you do not have an external account, but do have a local account, you can still log in:

  1. Home
  2. MARC view: The cats in Krasinski Square /
Normal view MARC view ISBD view

The cats in Krasinski Square / (Record no. 33993)

[ view plain ]
MARC details
000 -LEADER
fixed length control field 01663cam a2200433 a 4500
001 - CONTROL NUMBER
control field 13441771
003 - CONTROL NUMBER IDENTIFIER
control field OSt
005 - DATE AND TIME OF LATEST TRANSACTION
control field 20140310184354.0
008 - FIXED-LENGTH DATA ELEMENTS--GENERAL INFORMATION
fixed length control field 031222s2004 nyu c 000 1 eng
010 ## - LIBRARY OF CONGRESS CONTROL NUMBER
LC control number 2003027775
020 ## - INTERNATIONAL STANDARD BOOK NUMBER
International Standard Book Number 9780439794244
040 ## - CATALOGING SOURCE
Original cataloging agency DLC
Transcribing agency DLC
Modifying agency DLC
042 ## - AUTHENTICATION CODE
Authentication code lcac
043 ## - GEOGRAPHIC AREA CODE
Geographic area code e-pl---
050 00 - LIBRARY OF CONGRESS CALL NUMBER
Classification number PZ 7
Item number .H4364Cat 2005
100 1# - MAIN ENTRY--PERSONAL NAME
Personal name Hesse, Karen.
9 (RLIN) 4785
245 14 - TITLE STATEMENT
Title The cats in Krasinski Square /
Statement of responsibility, etc by Karen Hesse ; illustrated by Wendy Watson.
250 ## - EDITION STATEMENT
Edition statement 1st ed.
260 ## - PUBLICATION, DISTRIBUTION, ETC. (IMPRINT)
Place of publication, distribution, etc New York :
Name of publisher, distributor, etc Scholastic Press,
Date of publication, distribution, etc 2005.
300 ## - PHYSICAL DESCRIPTION
Extent 32 p. :
Other physical details col. ill. ;
Dimensions 23 cm.
521 ## - TARGET AUDIENCE NOTE
Target audience note
526 ## - STUDY PROGRAM INFORMATION NOTE
Reading level 990
650 #0 - SUBJECT ADDED ENTRY--TOPICAL TERM
Topical term or geographic name as entry element Jews
General subdivision Persecutions
Geographic subdivision Poland
-- Warsaw
Form subdivision Juvenile fiction.
9 (RLIN) 25444
650 #0 - SUBJECT ADDED ENTRY--TOPICAL TERM
Topical term or geographic name as entry element Holocaust, Jewish (1939-1945)
Geographic subdivision Poland
-- Warsaw
Form subdivision Juvenile fiction.
9 (RLIN) 25445
650 #1 - SUBJECT ADDED ENTRY--TOPICAL TERM
Topical term or geographic name as entry element Jews
General subdivision Persecutions
Geographic subdivision Poland
-- Warsaw
Form subdivision Fiction.
9 (RLIN) 25446
650 #1 - SUBJECT ADDED ENTRY--TOPICAL TERM
Topical term or geographic name as entry element Holocaust, Jewish (1939-1945)
Geographic subdivision Poland
-- Warsaw
Form subdivision Fiction.
9 (RLIN) 25447
650 #1 - SUBJECT ADDED ENTRY--TOPICAL TERM
Topical term or geographic name as entry element Sisters
Form subdivision Fiction.
9 (RLIN) 25448
650 #1 - SUBJECT ADDED ENTRY--TOPICAL TERM
Topical term or geographic name as entry element Heroes
Form subdivision Fiction.
9 (RLIN) 25449
650 #1 - SUBJECT ADDED ENTRY--TOPICAL TERM
Topical term or geographic name as entry element Cats
Form subdivision Fiction.
9 (RLIN) 25450
651 #0 - SUBJECT ADDED ENTRY--GEOGRAPHIC NAME
Geographic name Warsaw (Poland)
General subdivision History
Chronological subdivision Warsaw Ghetto Uprising, 1943
Form subdivision Juvenile fiction.
9 (RLIN) 25451
651 #1 - SUBJECT ADDED ENTRY--GEOGRAPHIC NAME
Geographic name Warsaw (Poland)
General subdivision History
Chronological subdivision Warsaw Ghetto Uprising, 1943
Form subdivision Fiction.
9 (RLIN) 25452
700 1# - ADDED ENTRY--PERSONAL NAME
Personal name Watson, Wendy,
Relator term ill.
9 (RLIN) 25453
856 42 - ELECTRONIC LOCATION AND ACCESS
Materials specified Publisher description
Uniform Resource Identifier <a href="http://www.loc.gov/catdir/description/schol051/2003027775.html">http://www.loc.gov/catdir/description/schol051/2003027775.html</a>
906 ## - LOCAL DATA ELEMENT F, LDF (RLIN)
a 7
b cbc
c orignew
d 1
e ecip
f 20
g y-gencatlg
942 ## - ADDED ENTRY ELEMENTS (KOHA)
Source of classification or shelving scheme Library of Congress Classification
Koha item type
Holdings
Withdrawn status Lost status Source of classification or shelving scheme Damaged status Home library Current library Shelving location Date acquired Total Checkouts Full call number Barcode Date last seen Date checked out Copy number Price effective from Koha item type
    Library of Congress Classification   Luxembourg Library Luxembourg Library Scholastic Reading Center Section 10/07/2013 1 PZ 7 .H4364Cat 2005 LEX0989 04/18/2017 01/18/2017 1 10/07/2013 Books
    Library of Congress Classification   Luxembourg Library Luxembourg Library Scholastic Reading Center Section 10/22/2013   PZ 7 .H4364Cat 2005 SCHO0245 04/18/2017   2 10/22/2013 Books

The cats in Krasinski Square /

APA

Hesse K., Watson W., . (2005). The cats in Krasinski Square. New York: Scholastic Press.

Chicago

Hesse Karen, Watson Wendy, . 2005. The cats in Krasinski Square. New York: Scholastic Press.

Harvard

Hesse K., Watson W., . (2005). The cats in Krasinski Square. New York: Scholastic Press.

MLA

Hesse Karen, Watson Wendy, . The cats in Krasinski Square. New York: Scholastic Press. 2005.

  • Place hold
  • Print
  • Cite
  • Add to your cart (remove)
  • Save record
    BIBTEX Dublin Core MARCXML MARC (non-Unicode/MARC-8) MARC (Unicode/UTF-8) MARC (Unicode/UTF-8, Standard) MODS (XML) RIS
  • More searches
    Search for this title in:
    Other Libraries (WorldCat) Other Databases (Google Scholar) Online Stores (Bookfinder.com) Open Library (openlibrary.org)

Exporting to Dublin Core...

SOUTHVILLE LIBRARY

Southville International School and Colleges Library

1281 Tropical Ave. Cor. Luxembourg St., BF Homes International, Las Pinas City

Tel. No. 8256374 / 252358 Loc. 117/146

Powered by Koha